[Event "Bussum op 30th"]
[Site "Bussum"]
[Date "2013.05.20"]
[Round "7"]
[White "Lombaers, Peter"]
[Black "Roorda, Thijs"]
[Result "1-0"]
[WhiteElo "2228"]
[BlackElo "2079"]
[PlyCount "97"]
[EventDate "2013.05.18"]
[EventType "swiss"]
[EventRounds "7"]
[EventCountry "NED"]
[SourceTitle "CBM 154 Extra"]
[Source "ChessBase"]
[SourceDate "2013.06.25"]
[SourceVersion "2"]
[SourceVersionDate "2013.06.25"]
[SourceQuality "1"]

1. c4 Nf6 2. d4 g6 3. Nc3 d5 4. cxd5 Nxd5 5. e4 Nxc3 6. bxc3 Bg7 7. Nf3 c5 8. Rb1 Nc6 9. d5 Ne5 10. Nxe5 Bxe5 11. Qd2 0-0 12. f4 Bc7 13. Be2 Ba5 14. 0-0 e6 15. f5 exf5 16. exf5 Bxf5 17. Rxb7 Qf6 18. Bb2 Rfb8 19. Rxb8+ Rxb8 20. Ba1 Bc7 21. g4 Qh4 22. d6 Rd8 23. dxc7 Rxd2 24. gxf5 Rxe2 25. c8Q+ Kg7 26. f6+ Kh6 27. Qf8+ Kh5 28. Qxc5+ g5 29. Qc7 Qg4+ 30. Qg3 Qxg3+ 31. hxg3 Rxa2 32. Rc1 Kg4 33. c4 Ra6 34. c5 Rc6 35. Kg2 Kf5 36. Kf3 h5 37. Bd4 a5 38. Rh1 g4+ 39. Ke3 Kg5 40. Ke4 Rc8 41. Rc1 Re8+ 42. Be5 h4 43. gxh4+ Kxh4 44. c6 g3 45. c7 g2 46. Rg1 Kh3 47. Kf3 a4 48. Rxg2 a3 49. Rh2# 1-0

[Event "Bussum op 30th"]
[Site "Bussum"]
[Date "2013.05.19"]
[Round "3"]
[White "Rose, Kenneth T"]
[Black "Roorda, Thijs"]
[Result "1/2-1/2"]
[WhiteElo "1996"]
[BlackElo "2079"]
[PlyCount "98"]
[EventDate "2013.05.18"]
[EventType "swiss"]
[EventRounds "7"]
[EventCountry "NED"]
[SourceTitle "CBM 154 Extra"]
[Source "ChessBase"]
[SourceDate "2013.06.25"]
[SourceVersion "2"]
[SourceVersionDate "2013.06.25"]
[SourceQuality "1"]

1. e4 e6 2. d3 c5 3. Nf3 Nc6 4. g3 g6 5. Bg2 Bg7 6. 0-0 Nge7 7. c3 0-0 8. Re1 d5 9. e5 b5 10. Bf4 Qb6 11. Nbd2 a5 12. Nf1 b4 13. Qd2 Ba6 14. h4 Rfb8 15. Re2 a4 16. N1h2 bxc3 17. bxc3 a3 18. Rd1 d4 19. c4 Qb2 20. Ng4 Qxd2 21. Rdxd2 Rb1+ 22. Kh2 Rab8 23. Nf6+ Kh8 24. Nd7 R8b2 25. Nxc5 Nb4 26. Nxa6 Nxa6 27. Nxd4 Nb4 28. Nb5 Rd1 29. Rxb2 axb2 30. Rxb2 Nxd3 31. Re2 Nf5 32. Rd2 Rxd2 33. Bxd2 Nxf2 34. Bf4 Ng4+ 35. Kg1 Bxe5 36. c5 Nxg3 37. Bxe5+ Nxe5 38. c6 Nf5 39. c7 Ne7 40. Nd6 Nd7 41. a4 Nc5 42. a5 Na6 43. Bb7 Nxc7 44. Nxf7+ Kg7 45. Ng5 Nf5 46. a6 Nxa6 47. Bxa6 e5 48. h5 h6 49. Ne4 gxh5 1/2-1/2

[Event "Bussum op 30th"]
[Site "Bussum"]
[Date "2013.05.18"]
[Round "1"]
[White "Reinderman, Dimitri"]
[Black "Roorda, Thijs"]
[Result "1-0"]
[WhiteElo "2571"]
[BlackElo "2079"]
[PlyCount "81"]
[EventDate "2013.05.18"]
[EventType "swiss"]
[EventRounds "7"]
[EventCountry "NED"]
[SourceTitle "CBM 154 Extra"]
[Source "ChessBase"]
[SourceDate "2013.06.25"]
[SourceVersion "2"]
[SourceVersionDate "2013.06.25"]
[SourceQuality "1"]

1. c4 Nf6 2. Nf3 g6 3. Nc3 d5 4. cxd5 Nxd5 5. Qa4+ Bd7 6. Qc2 Nb6 7. d4 Bg7 8. e4 0-0 9. Be3 Bg4 10. Ne5 Be6 11. Rd1 Nc6 12. Nxc6 bxc6 13. Be2 Rb8 14. 0-0 Qc8 15. Rd2 Bd7 16. Rc1 Rd8 17. Na4 Nxa4 18. Qxa4 Qb7 19. Rc5 Be8 20. Qc2 e6 21. a3 Bf8 22. Bg5 Rd7 23. Bf6 h6 24. Rc4 Bg7 25. Bxg7 Kxg7 26. Rc5 Rd6 27. b4 Rbd8 28. Qc3 Qc8 29. f4 Kh7 30. Bf3 Qd7 31. Rc4 c5 32. bxc5 Ra6 33. Rb4 Ra4 34. d5 exd5 35. exd5 Qf5 36. Be4 Qg4 37. Rxa4 Bxa4 38. Qf6 Qd7 39. f5 g5 40. h4 Re8 41. Rd4 1-0

[Event "Bussum op 30th"]
[Site "Bussum"]
[Date "2013.05.18"]
[Round "2"]
[White "Roorda, Thijs"]
[Black "Verwoert, Jef"]
[Result "1/2-1/2"]
[WhiteElo "2079"]
[BlackElo "2016"]
[PlyCount "65"]
[EventDate "2013.05.18"]
[EventType "swiss"]
[EventRounds "7"]
[EventCountry "NED"]
[SourceTitle "CBM 154 Extra"]
[Source "ChessBase"]
[SourceDate "2013.06.25"]
[SourceVersion "2"]
[SourceVersionDate "2013.06.25"]
[SourceQuality "1"]

1. Nf3 c5 2. e4 g6 3. d4 cxd4 4. Nxd4 Nc6 5. Nxc6 bxc6 6. Nc3 Bg7 7. Bc4 d6 8. g4 Nf6 9. g5 Nxe4 10. Nxe4 d5 11. Bd3 dxe4 12. Bxe4 Qb6 13. c3 0-0 14. Qb3 Qa6 15. h4 Be6 16. Qc2 Bd5 17. Rh3 Qc4 18. Re3 f5 19. Bxd5+ cxd5 20. Qe2 Qxe2+ 21. Rxe2 e5 22. f4 Rfe8 23. Bd2 d4 24. fxe5 Bxe5 25. cxd4 Bxd4 26. Bc3 Bxc3+ 27. bxc3 Rac8 28. Rb1 Rxe2+ 29. Kxe2 Rxc3 30. Rb8+ Kg7 31. Rb7+ Kg8 32. Rb8+ Kg7 33. Rb7+ 1/2-1/2

[Event "Delft Prinsenstad op-A 6th"]
[Site "Delft"]
[Date "2013.03.29"]
[Round "1"]
[White "L'Ami, Alina"]
[Black "Roorda, Thijs"]
[Result "1-0"]
[WhiteElo "2381"]
[BlackElo "2051"]
[PlyCount "47"]
[EventDate "2013.03.29"]
[EventType "swiss"]
[EventRounds "6"]
[EventCountry "NED"]
[SourceTitle "EXT 2018"]
[Source "ChessBase"]
[SourceDate "2017.10.13"]
[SourceVersion "1"]
[SourceVersionDate "2017.10.13"]
[SourceQuality "1"]

1. d4 e6 2. c4 Bb4+ 3. Bd2 a5 4. Nf3 Nf6 5. Nc3 0-0 6. Qc2 d6 7. a3 Bxc3 8. Bxc3 Qe7 9. e3 b6 10. Bd3 Nbd7 11. 0-0 Bb7 12. Nd2 h6 13. Rfe1 c5 14. b4 axb4 15. axb4 d5 16. dxc5 bxc5 17. Rab1 Rfb8 18. Rec1 dxc4 19. Bxc4 Nd5 20. Bxd5 Bxd5 21. b5 Ra2 22. Qd3 Nb6 23. e4 c4 24. Qg3 1-0